|
|
|
|
| LEADER |
00000nam0a2200000 4500 |
| 001 |
66745 |
| 005 |
20241029172636.0 |
| 035 |
|
|
|a (RuTPU)RU\TPU\book\70959
|
| 090 |
|
|
|a 66745
|
| 100 |
|
|
|a 20040906d2005 m y0rusy50 ca
|
| 101 |
0 |
|
|a rus
|
| 102 |
|
|
|a RU
|
| 105 |
|
|
|a a j 001yy
|
| 181 |
|
0 |
|a i
|b e
|
| 182 |
|
0 |
|a n
|
| 183 |
|
0 |
|a nc
|2 RDAcarrier
|
| 200 |
1 |
|
|a Противокоррозионная защита объектов трубопроводного транспорта нефти и газа
|e учебное пособие для вузов
|f В. И. Хижняков
|g Томский политехнический университет
|
| 203 |
|
|
|a Текст
|b визуальный
|c непосредственный
|
| 210 |
|
|
|a Томск
|c Изд-во ТПУ
|d 2005
|
| 215 |
|
|
|a 188 с.
|c ил.
|
| 225 |
1 |
|
|a Учебники Томского политехнического университета
|
| 283 |
|
|
|a volume
|2 RDAcarrier
|
| 316 |
|
|
|5 63413507: КР-7858
|a На титульном листе дарственная надпись: "Лукьянову В. Г. от автора В. Хижняков 14.03.06 г."
|
| 317 |
|
|
|5 63413507: КР-7858
|a Поступил в НТБ в 2023 г. в составе книжного собрания профессора В. Г. Лукьянова
|
| 320 |
|
|
|a Список литературы: с. 185
|
| 330 |
|
|
|a Рассмотрены коррозионные процессы объектов трубопроводного транспорта нефти и газа, дана классификация видов коррозионных разрушений, представлен механизм химической и электрохимической коррозии подземных стальных сооружений. Изложены основы коррозии стальных подземных сооружений блуждающими токами. Учебное пособие предназначено для студентов направления 130500 "Нефтегазовое дело" специальности 130501 "Проектирование, сооружение и эксплуатация газонефтепроводов и газонефтехранилищ" и магистрантов направления 250019 "Строительство и эксплуатация нефтегазопроводов, баз и хранилищ"
|
| 452 |
|
1 |
|0 (RuTPU)RU\TPU\book\176904
|t Противокоррозионная защита объектов трубопроводного транспорта нефти и газа
|o учебное пособие
|f В. И. Хижняков
|g Томский политехнический университет (ТПУ) ; Федеральное агентство по образованию
|c Томск
|n Изд-во ТПУ
|d 2005
|s Учебники Томского политехнического университета
|a Хижняков, Валентин Игнатьевич
|
| 606 |
1 |
|
|a Газопроводы
|x Защита от коррозии
|x Горное дело
|2 stltpush
|3 (RuTPU)RU\TPU\subj\5027
|9 33196
|
| 606 |
1 |
|
|a Нефтепроводы магистральные
|x Защита от коррозии
|2 stltpush
|3 (RuTPU)RU\TPU\subj\45737
|9 64928
|
| 610 |
1 |
|
|a нефть
|
| 610 |
1 |
|
|a газ
|
| 610 |
1 |
|
|a коррозия
|
| 610 |
1 |
|
|a металлы
|
| 610 |
1 |
|
|a противокоррозийная защита
|
| 610 |
1 |
|
|a магистральные трубопроводы
|
| 610 |
1 |
|
|a химическая коррозия
|
| 610 |
1 |
|
|a стальные трубопроводы
|
| 610 |
1 |
|
|a электрохимическая коррозия
|
| 610 |
1 |
|
|a коррозионное состояние
|
| 610 |
1 |
|
|a обследование
|
| 610 |
1 |
|
|a изоляционные покрытия
|
| 610 |
1 |
|
|a изоляция
|
| 610 |
1 |
|
|a защитные покрытия
|
| 610 |
1 |
|
|a нанесение
|
| 610 |
1 |
|
|a подготовка
|
| 610 |
1 |
|
|a поверхности
|
| 610 |
1 |
|
|a учебные пособия
|
| 610 |
1 |
|
|a труды учёных ТПУ
|
| 610 |
1 |
|
|a Библиотека В. Г. Лукьянова
|
| 610 |
1 |
|
|a дары автора
|
| 610 |
1 |
|
|a дарственная надпись
|
| 675 |
|
|
|a 622.691.4.076(075.8)
|v 3
|
| 675 |
|
|
|a 622.692.4.076(075.8)
|v 4
|
| 700 |
|
1 |
|a Хижняков
|b В. И.
|c российский учёный в области транспорта и хранения нефти
|c доцент Томского политехнического университета
|f 1948-
|g Валентин Игнатьевич
|3 (RuTPU)RU\TPU\pers\26138
|
| 712 |
0 |
2 |
|a Томский политехнический университет
|3 (RuTPU)RU\TPU\col\376
|4 570
|
| 801 |
|
1 |
|a RU
|b 63413507
|c 20040906
|g PSBO
|
| 801 |
|
2 |
|a RU
|b 63413507
|c 20151112
|g PSBO
|
| 942 |
|
|
|c BK
|